[Event "98th ch-GBR"]
[Site "Sheffield ENG"]
[Date "2011.07.29"]
[Round "5"]
[White "O'Toole,G"]
[Black "Lalic,P"]
[Result "0-1"]
[WhiteElo "2185"]
[BlackElo "1978"]
[EventDate "2011.07.25"]

1. e4 e5 2. Nf3 Nf6 3. Nxe5 d6 4. Nf3 Nxe4 5. Nc3 Nxc3 6. dxc3 Be7 7. Bd3
Nc6 8. Bf4 Be6 9. Qd2 Qd7 10. h4 h6 11. O-O-O a6 12. Kb1 O-O-O 13. Qe2 Kb8
14. Nd4 Nxd4 15. cxd4 Rhe8 16. Be3 Bf6 17. Bxa6 bxa6 18. d5 Qb5 19. Qxb5+
axb5 20. dxe6 Rxe6 21. Rd3 Kb7 22. c3 h5 23. g3 Rde8 24. Rhd1 g6 25. Rd5
Re5 26. Kc2 Kc6 27. R5d3 Re4 28. Bd4 Bd8 29. Re3 f5 30. Rde1 Rxe3 31. Rxe3
Rxe3 32. Bxe3 Kd5 33. Kd3 c5 34. b3 c4+ 35. bxc4+ bxc4+ 36. Kd2 Kc6 37. Bd4
Kb5 38. Bg7 Bb6 39. Bf8 Bc5 40. Ke2 Ka4 41. Kf3 Ka3 42. Kf4 Kxa2 43. Kg5
Kb3 44. Kxg6 Kxc3 45. Kxf5 Kd3 46. g4 c3 47. gxh5 c2 48. Bh6 Bxf2 49. Bc1
Be3 50. Ba3 d5 51. Kg6 d4 52. h6 Bxh6 53. Kxh6 Ke2 54. h5 d3 55. Bc1 d2 56.
Bxd2 Kxd2 57. Kg7 c1=Q 58. h6 Qc7+ 59. Kg8 Qd8+ 60. Kg7 Qg5+ 0-1

[Event "98th ch-GBR"]
[Site "Sheffield ENG"]
[Date "2011.07.29"]
[Round "5"]
[White "Zhou,Y"]
[Black "Coates,D"]
[Result "1-0"]
[WhiteElo "2444"]
[BlackElo "2080"]
[EventDate "2011.07.25"]

1. e4 e6 2. d4 d5 3. Nd2 c5 4. exd5 Qxd5 5. Ngf3 cxd4 6. Bc4 Qd6 7. O-O Nf6
8. Nb3 Nc6 9. Nbxd4 Nxd4 10. Nxd4 a6 11. Re1 Qc7 12. Qe2 Bd6 13. Bg5 O-O
14. Bxf6 gxf6 15. Bd3 f5 16. Nf3 Kh8 17. Qe3 Bd7 18. Bxf5 exf5 19. Qd4+ Kg8
20. Rad1 Be6 21. Qxd6 Qxc2 22. Nd4 Qxb2 23. Qg3+ Kh8 24. Qe5+ Kg8 25. Qg3+
Kh8 26. Qe5+ Kg8 27. Rd3 Rfd8 28. Rg3+ Kf8 29. Nxe6+ 1-0

[Event "98th ch-GBR"]
[Site "Sheffield ENG"]
[Date "2011.07.29"]
[Round "5"]
[White "Eggleston,D"]
[Black "Weaving,Richard"]
[Result "1-0"]
[WhiteElo "2318"]
[BlackElo "2070"]
[EventDate "2011.07.25"]

1. e4 e5 2. Nf3 Nc6 3. Bc4 Nf6 4. d3 Be7 5. c3 O-O 6. O-O d6 7. Bb3 h6 8.
Nbd2 Nh7 9. h3 Ng5 10. Re1 Kh8 11. d4 Bf6 12. Nxg5 Bxg5 13. Nf3 Bxc1 14.
Rxc1 Qf6 15. Re3 Ne7 16. h4 Bg4 17. g3 Nc6 18. d5 Ne7 19. Qd3 Qg6 20. Nd2
f5 21. exf5 Bxf5 22. Ne4 Rf7 23. Bc2 Raf8 24. Qd2 Qh5 25. Bd1 Bg4 26. Bxg4
Qxg4 27. Qd1 Qh3 28. Rc2 Nf5 29. Rd3 c6 30. dxc6 d5 31. g4 Qxh4 32. Rxd5
bxc6 33. Rd3 Ne7 34. f3 Nd5 35. Rh2 Qe7 36. g5 Kh7 37. Qc2 Rf5 38. a3 Nf4
39. Rd6 h5 40. Nf6+ gxf6 41. Qxf5+ Kg8 42. Rd7 fxg5 43. Rxe7 Rxf5 44. Rd2
Nd5 45. Rxa7 Rxf3 46. c4 Ne3 47. Rd8+ Rf8 48. Rxf8+ Kxf8 49. c5 h4 50. b4
g4 51. b5 cxb5 52. c6 1-0

[Event "98th ch-GBR"]
[Site "Sheffield ENG"]
[Date "2011.07.29"]
[Round "5"]
[White "McKenna,Jas"]
[Black "Mason,D"]
[Result "0-1"]
[WhiteElo "2098"]
[BlackElo "2237"]
[EventDate "2011.07.25"]

1. e4 c5 2. Nf3 d6 3. d4 cxd4 4. Nxd4 Nf6 5. Nc3 a6 6. a4 Nc6 7. Be2 e6 8.
Be3 Be7 9. O-O O-O 10. f4 Qc7 11. Bf3 Rb8 12. Kh1 Re8 13. g4 Nxd4 14. Bxd4
e5 15. fxe5 dxe5 16. Ba7 Ra8 17. g5 Nd7 18. Nd5 Qd8 19. Be3 Nc5 20. b4 Ne6
21. Bh5 g6 22. Bb6 Qd7 23. Bg4 Qc6 24. h4 Nf4 25. Bc5 Bxg4 26. Nxe7+ Rxe7
27. Qxg4 Qxe4+ 28. Kh2 Rd7 29. Rf2 Rad8 30. Bb6 Rd2 31. Raf1 Qxc2 32. Be3
Rxf2+ 33. Rxf2 Qxa4 34. Rxf4 exf4 35. Qxf4 Qc2+ 36. Kg3 Qd3 37. Kf2 Qf5 0-1

[Event "98th ch-GBR"]
[Site "Sheffield ENG"]
[Date "2011.07.29"]
[Round "5"]
[White "Pleasants,A"]
[Black "Khandelwal,A"]
[Result "0-1"]
[WhiteElo "2092"]
[BlackElo "2211"]
[EventDate "2011.07.25"]

1. d4 f5 2. Nf3 Nf6 3. h3 d5 4. Bf4 c5 5. e3 cxd4 6. exd4 e6 7. c3 Be7 8.
Bd3 O-O 9. Nbd2 Ne4 10. Qe2 Qb6 11. Rb1 Nd7 12. O-O Ndf6 13. Ne5 Bd7 14. f3
Nxd2 15. Bxd2 Be8 16. Bg5 Bd6 17. Rfe1 Nh5 18. Qf2 h6 19. Bd2 g5 20. c4 Qd8
21. c5 Bc7 22. f4 gxf4 23. Bxf4 Kh7 24. g4 Rg8 25. Kh2 Nxf4 26. Qxf4 Qh4
27. Rf1 Bb5 28. Bxb5 Rxg4 29. Qf2 Qxf2+ 30. Rxf2 Rxd4 31. Kh1 Bxe5 32. Bd7
Bg3 33. Rf3 f4 34. Rb3 Rd2 35. Rxb7 Rh2+ 36. Kg1 f3 37. Bxe6+ Kh8 38. Bxd5
f2+ 39. Kf1 Re8 0-1

[Event "98th ch-GBR"]
[Site "Sheffield ENG"]
[Date "2011.07.29"]
[Round "5"]
[White "Harvey,Marcus R"]
[Black "Rabbitte,L"]
[Result "1/2-1/2"]
[WhiteElo "2206"]
[BlackElo "2034"]
[EventDate "2011.07.25"]

1. e4 g6 2. d4 c6 3. c4 d5 4. cxd5 cxd5 5. exd5 Nf6 6. Bc4 Bg7 7. Nc3 O-O
8. Nge2 b6 9. O-O Na6 10. Bf4 Nc7 11. Qb3 Bb7 12. d6 exd6 13. a4 d5 14. Bd3
Ne6 15. Be5 Nh5 16. Bxg7 Kxg7 17. a5 Nhf4 18. Nxf4 Nxf4 19. Ne2 Nxd3 20.
Qxd3 bxa5 21. Qb5 Qb6 22. Qxa5 Qxb2 23. Rfb1 Qxe2 24. Rxb7 Rfe8 25. h3 Qe6
26. Rxa7 Rxa7 27. Qxa7 Qe7 28. Qxe7 Rxe7 29. Ra5 Rd7 30. Kf1 Kf6 31. Ke2
Ke6 32. Ke3 Rd6 33. Kf4 Rb6 34. g4 f6 35. g5 fxg5+ 36. Kxg5 Rb2 37. Ra6+
Ke7 38. Rf6 Rb4 39. Rf4 Ke6 40. Kh6 Rb7 41. h4 Ra7 42. Rf3 Ra4 43. Re3+ Kf6
44. Rd3 Ra7 45. Rf3+ Ke6 46. Kg5 Ra4 47. Rf4 Rb4 48. f3 Ra4 49. Rg4 Ra3 50.
Kh6 Ra7 51. Rf4 Rb7 52. Rf8 Ke7 53. Rh8 Rb4 54. Rxh7+ Kf6 55. Rg7 Rxd4 56.
Rxg6+ Kf7 57. Rg7+ Kf6 58. Rg4 Rd1 59. h5 Rf1 60. Rf4+ Ke5 61. Kg5 Rh1 62.
Rf5+ Ke6 63. Rf6+ Ke7 64. Ra6 d4 65. Ra4 Rg1+ 66. Kf4 Rh1 67. Rxd4 Rh4+ 68.
Ke3 Rxh5 69. Ra4 Rb5 70. Ra6 Rb4 71. Ra5 Kf6 72. Kf2 Rc4 73. Kg3 Rb4 74.
Ra8 Rc4 75. Rf8+ Kg6 76. f4 Rc1 77. f5+ Kg5 78. f6 Rc3+ 79. Kf2 1/2-1/2

[Event "98th ch-GBR"]
[Site "Sheffield ENG"]
[Date "2011.07.29"]
[Round "5"]
[White "Boulton,William J K"]
[Black "Arnott,J"]
[Result "1/2-1/2"]
[WhiteElo "1971"]
[BlackElo "2188"]
[EventDate "2011.07.25"]

1. d4 e6 2. c4 b6 3. a3 Bb7 4. Nc3 f5 5. d5 Nf6 6. g3 g6 7. Bg2 Bg7 8. Nh3
O-O 9. O-O Na6 10. e4 fxe4 11. dxe6 dxe6 12. Be3 Qxd1 13. Raxd1 Ng4 14.
Nxe4 Nxe3 15. fxe3 Rxf1+ 16. Rxf1 Bxe4 17. Bxe4 Rf8 18. b4 Rxf1+ 19. Kxf1
Bb2 20. Bb7 Nb8 21. a4 Ba3 22. Ng5 Bxb4 23. Nxe6 Bd6 24. Ke2 Kf7 25. Ng5+
Kg7 26. Kd3 Nd7 27. Kd4 Bc5+ 28. Ke4 Be7 29. Kf4 Bd6+ 30. Kf3 Ne5+ 31. Ke4
Nxc4 32. Kd4 Ne5 33. Kd5 Ng4 34. e4 Ne3+ 35. Kc6 Nc4 36. Ne6+ Kf7 37. Nxc7
Bxg3 38. hxg3 Na5+ 39. Kd7 Nxb7 40. Na6 Kf6 41. Kc6 Nc5 42. Nxc5 bxc5 43.
Kd5 h5 44. e5+ Ke7 45. Kxc5 g5 46. Kd5 h4 47. gxh4 gxh4 48. Ke4 a5 49. Kf4
Ke6 50. Kg4 Kxe5 51. Kxh4 Kd4 52. Kg3 Kc3 53. Kf2 Kb3 54. Ke1 Kxa4 55. Kd2
Kb3 56. Kc1 Ka2 57. Kc2 a4 58. Kc1 a3 59. Kc2 Ka1 60. Kc1 a2 1/2-1/2

[Event "98th ch-GBR"]
[Site "Sheffield ENG"]
[Date "2011.07.29"]
[Round "5"]
[White "Simons,M"]
[Black "Phillips,O"]
[Result "1/2-1/2"]
[WhiteElo "2179"]
[BlackElo "1967"]
[EventDate "2011.07.25"]

1. e4 c5 2. Nc3 Nc6 3. f4 g6 4. Nf3 Bg7 5. g3 d6 6. Bg2 Nh6 7. O-O O-O 8.
d3 f5 9. Kh1 Rb8 10. Ng5 Nf7 11. Nxf7 Rxf7 12. Nd5 e6 13. Ne3 Ne7 14. c3 b5
1/2-1/2

[Event "98th ch-GBR"]
[Site "Sheffield ENG"]
[Date "2011.07.29"]
[Round "5"]
[White "Waterfield,J"]
[Black "Jackson,J"]
[Result "0-1"]
[WhiteElo "1992"]
[BlackElo "2157"]
[EventDate "2011.07.25"]

1. e4 c5 2. Nf3 Nc6 3. c3 Nf6 4. e5 Nd5 5. Bc4 Nb6 6. Bb3 d5 7. exd6 Qxd6
8. d4 cxd4 9. cxd4 Be6 10. O-O Bxb3 11. Qxb3 e6 12. Nc3 Be7 13. d5 Nxd5 14.
Rd1 O-O-O 15. Be3 Kb8 16. Nxd5 exd5 17. Rd2 Na5 18. Qa4 Qb4 19. Rd4 Qxa4
20. Rxa4 Nc6 21. Bf4+ Ka8 22. Ne5 Nxe5 23. Bxe5 f6 24. Bd4 a6 25. Rd1 Rd7
26. Bc3 Bc5 27. Bd4 Bd6 28. g3 Rc8 29. Ra5 Bb4 30. Ra4 Be7 31. Bc3 Bc5 32.
Bd4 Ba7 33. Bc3 d4 34. Bb4 Rc2 35. Bc3 dxc3 36. Rxd7 cxb2 37. Rb4 Rc1+ 38.
Kg2 b1=Q 39. Rxb1 Rxb1 40. Rxg7 Rb2 41. Rg8+ Bb8 42. Rh8 Rxa2 43. Rxh7 a5
44. h4 a4 45. Rd7 a3 46. Rd5 b6 0-1

[Event "98th ch-GBR"]
[Site "Sheffield ENG"]
[Date "2011.07.29"]
[Round "5"]
[White "Dines,S"]
[Black "Dargan,P"]
[Result "1/2-1/2"]
[WhiteElo "1889"]
[BlackElo "2151"]
[EventDate "2011.07.25"]

1. e4 c5 2. Nf3 Nc6 3. d4 cxd4 4. Nxd4 Nf6 5. Nc3 e5 6. Ndb5 d6 7. Bg5 a6
8. Na3 b5 9. Nd5 Be7 10. Bxf6 Bxf6 11. Nxf6+ Qxf6 12. c3 Bb7 13. g3 O-O 14.
Bg2 Rad8 15. O-O Ne7 16. c4 bxc4 17. Nxc4 d5 18. exd5 Bxd5 19. Bxd5 Rxd5
20. Qe2 Nc6 21. f4 exf4 22. Rxf4 Qd8 23. Raf1 Nd4 24. Qf2 f6 25. Re4 f5 26.
Re5 Re8 27. Rxd5 Qxd5 28. Ne3 Qe4 29. Ng2 g6 30. Kh1 Qe2 31. Nf4 Qe4+ 32.
Ng2 Rc8 33. Rd1 Rc2 34. Qg1 Rxb2 35. Rxd4 Rxg2 36. Rd8+ Kg7 37. Qxg2 Qe1+
1/2-1/2

[Event "98th ch-GBR"]
[Site "Sheffield ENG"]
[Date "2011.07.29"]
[Round "5"]
[White "Lenier,J"]
[Black "French,A"]
[Result "1/2-1/2"]
[WhiteElo "2065"]
[BlackElo "2103"]
[EventDate "2011.07.25"]

1. e4 Nf6 2. e5 Nd5 3. d4 d6 4. Nf3 Bg4 5. Be2 c6 6. O-O Bxf3 7. Bxf3 dxe5
8. dxe5 e6 9. Nd2 Nd7 10. Re1 Qc7 11. Nc4 N7b6 12. Qe2 h6 13. a4 g5 14. a5
Nd7 15. Bd2 O-O-O 16. b4 Nxb4 17. Nd6+ Bxd6 18. exd6 Qxd6 19. Bxb4 Qxb4 20.
Bxc6 bxc6 21. Reb1 Qc5 22. Qa6+ Kc7 23. Rb7+ Kd6 24. Rd1+ Ke5 25. Rbxd7
Rxd7 26. Rxd7 Qxc2 27. f4+ gxf4 28. Qxa7 Qc1+ 29. Kf2 Qe3+ 30. Qxe3+ fxe3+
31. Kxe3 Ra8 32. Rxf7 Rxa5 33. Rh7 Ra3+ 34. Ke2 Ra2+ 35. Kf3 Ra3+ 36. Ke2
Ra2+ 37. Kf3 c5 38. Rxh6 Ra3+ 39. Ke2 Ra2+ 40. Kf3 Ra3+ 41. Ke2 c4 42. g4
Ra2+ 1/2-1/2

[Event "98th ch-GBR"]
[Site "Sheffield ENG"]
[Date "2011.07.29"]
[Round "5"]
[White "Surtees,M"]
[Black "Hegarty,S"]
[Result "1-0"]
[WhiteElo "2151"]
[BlackElo "2065"]
[EventDate "2011.07.25"]

1. e4 Nf6 2. d3 e5 3. a3 Bc5 4. c4 a5 5. h3 c6 6. Qc2 O-O 7. g4 d6 8. Nc3
Ba7 9. Bg2 Be6 10. Nge2 Nbd7 11. Nd1 a4 12. Be3 Nc5 13. Rb1 b5 14. O-O Nfd7
15. f4 exf4 16. Nxf4 bxc4 17. d4 Nd3 18. Nxe6 fxe6 19. Qxc4 Rxf1+ 20. Bxf1
Ne1 21. Qe2 Qa5 22. Nf2 1-0

[Event "98th ch-GBR"]
[Site "Sheffield ENG"]
[Date "2011.07.29"]
[Round "5"]
[White "Farrall,D"]
[Black "De Coverly,R"]
[Result "0-1"]
[WhiteElo "1869"]
[BlackElo "2080"]
[EventDate "2011.07.25"]

1. d4 Nf6 2. c4 g6 3. Nc3 Bg7 4. e4 d6 5. Be2 O-O 6. Bg5 a6 7. Qd2 c5 8. d5
Qa5 9. Nf3 Bg4 10. O-O Nbd7 11. Bh6 b5 12. Bxg7 Kxg7 13. cxb5 axb5 14. h3
Bxf3 15. Bxf3 b4 16. Nd1 Rfc8 17. b3 Ne5 18. Ne3 c4 19. bxc4 Nxc4 20. Nxc4
Rxc4 21. Rfc1 Rac8 22. Rxc4 Rxc4 23. Qd3 Qc5 24. Rd1 Nd7 25. Qe2 Ne5 26.
Rd2 Rc3 27. Kh2 Qa5 28. Rc2 Qa3 29. Kg3 h5 30. h4 f6 31. Kf4 Nd3+ 32. Kg3
g5 33. Rxc3 Qxc3 34. Qe3 Qe5+ 35. Kh3 Nf4+ 0-1

[Event "98th ch-GBR"]
[Site "Sheffield ENG"]
[Date "2011.07.30"]
[Round "6"]
[White "Hawkins,Jo"]
[Black "Short,N"]
[Result "0-1"]
[WhiteElo "2457"]
[BlackElo "2687"]
[EventDate "2011.07.25"]

1. Nf3 d5 2. d4 Nc6 3. c4 Bg4 4. cxd5 Bxf3 5. gxf3 Qxd5 6. e3 O-O-O 7. Nc3
Qh5 8. f4 Qxd1+ 9. Kxd1 e6 10. Bg2 Nce7 11. Ke2 Nf6 12. Bd2 Nf5 13. Rhc1
Kb8 14. Ne4 Nxe4 15. Bxe4 g6 16. a4 h6 17. Bc3 Rh7 18. Rd1 Ne7 19. Bb4 f5
20. Bxe7 Bxe7 21. Bc2 g5 22. d5 exd5 23. Bxf5 Rhh8 24. fxg5 hxg5 25. h3 a5
26. Rac1 Rh6 27. b3 Rb6 28. Rc3 Rb4 29. Rcd3 c6 30. f3 Bf6 31. Rg1 Rh8 32.
Kf2 Kc7 33. Rg4 Rxg4 34. Bxg4 Kd6 35. Ke2 Kc5 36. Kd1 Kb4 37. Kc2 Re8 38.
Bf5 Re5 39. Bd7 Bh8 40. Bc8 Re7 41. Bf5 Be5 42. Rd1 Bf6 43. Rd3 Bg7 44. Kd2
b5 45. axb5 Kxb5 46. Bg6 Kb4 47. Kc2 Rb7 48. Bf5 Rb5 49. Kd2 Rc5 50. Be6
Bc3+ 51. Kc2 Be5+ 52. Kd2 Ka3 53. e4 d4 54. Kd1 Kb2 55. Rd2+ Kb1 56. Ke2
Rc2 57. Kd3 Rc3+ 58. Ke2 Kc1 59. Rd1+ Kc2 60. Rd2+ Kc1 61. Rd1+ Kb2 62.
Rd2+ Ka3 63. Rd3 c5 64. Bf7 Bf4 65. Rd1 Kb2 66. Rd3 Kc2 0-1

[Event "98th ch-GBR"]
[Site "Sheffield ENG"]
[Date "2011.07.30"]
[Round "6"]
[White "Houska,Jo"]
[Black "Gordon,S"]
[Result "1-0"]
[WhiteElo "2418"]
[BlackElo "2533"]
[EventDate "2011.07.25"]

1. d4 Nf6 2. Nf3 d5 3. c4 e6 4. Nc3 dxc4 5. e4 Bb4 6. Bg5 c5 7. e5 cxd4 8.
Nxd4 Qa5 9. exf6 Bxc3+ 10. bxc3 Qxg5 11. fxg7 Qxg7 12. Qd2 O-O 13. Bxc4 Rd8
14. Qe3 Bd7 15. O-O Nc6 16. Nf3 Rac8 17. Rad1 Rc7 18. Be2 Rdc8 19. c4 Be8
20. Nd4 a6 21. Nxc6 Bxc6 22. g3 Re8 23. Rd4 Kh8 24. Rfd1 e5 25. Rd8 Rc8 26.
Rxc8 Rxc8 27. Bf3 Qf6 28. Bxc6 Rxc6 29. c5 b6 30. cxb6 Rxb6 31. Rc1 h6 32.
h4 Qe6 33. a4 Rb4 34. Rc5 Rxa4 35. Rxe5 Qd6 36. Rf5 Qe6 37. Qc3+ Kg8 38.
Rf6 Rc4 39. Rxe6 Rxc3 40. Rxh6 a5 41. Ra6 Ra3 42. Kg2 a4 43. h5 Ra1 44. Kf3
a3 45. Kg4 Rf1 46. f4 Ra1 47. Kg5 a2 48. g4 Kg7 49. Ra7 Kf8 50. Kh6 Kg8 51.
Kg5 Kg7 52. f5 Rg1 53. f6+ Kh7 54. Rxa2 Rb1 55. Ra7 Rb5+ 56. Kh4 Kh6 57.
Re7 Ra5 58. Re8 Kh7 59. Re3 Kh6 60. Rf3 Rb5 61. Rf5 Rb4 62. Rg5 Rf4 63. Re5
Ra4 64. Re8 Kh7 65. Kg5 Ra8 66. Re7 Ra5+ 67. Kf4 Kh6 68. Rxf7 Ra4+ 69. Kf5
Rf4+ 70. Ke5 Rxg4 71. Ra7 Rg1 72. Ke6 Re1+ 73. Kf7 Kh7 74. Re7 Ra1 75. Kf8+
Kh8 76. f7 Kh7 77. Re6 Ra8+ 78. Ke7 Ra7+ 79. Kf6 Ra8 80. Re8 Ra6+ 81. Ke5
Ra5+ 82. Kd4 Ra4+ 83. Kc5 Ra5+ 84. Kb4 Rf5 85. f8=Q Rb5+ 86. Kc4 1-0

[Event "98th ch-GBR"]
[Site "Sheffield ENG"]
[Date "2011.07.30"]
[Round "6"]
[White "Hunt,A"]
[Black "Hebden,M"]
[Result "1/2-1/2"]
[WhiteElo "2436"]
[BlackElo "2533"]
[EventDate "2011.07.25"]

1. e4 e5 2. Nf3 Nc6 3. Bb5 a6 4. Ba4 Nf6 5. O-O Be7 6. Re1 b5 7. Bb3 O-O 8.
c3 d5 9. exd5 Nxd5 10. Nxe5 Nxe5 11. Rxe5 c6 12. d4 Bd6 13. Re1 Qh4 14. g3
Qh3 15. Re4 g5 16. Qf1 Qh6 17. Nd2 Bh3 18. Qe2 Nf6 19. f3 Kh8 20. Re3 Nd5
21. Bxd5 cxd5 22. Nb3 Qg6 23. Nc5 Bf4 24. Re7 Bd6 25. Re3 Bf4 26. Re7 Bd6
1/2-1/2